Country Comparison #1 - Statistics

General Stats
  • This quiz has been taken 21 times
  • The average score is 4 of 10
Answer Stats
Question Answer % Correct
Which of these nations have fought in 3 or more wars over the past 60 years? The USA
100%
Which of these nations have not had any military casualties since WW2? Austria
85%
Which of these nations have the most Spanish speakers? The USA
55%
Which of these nations have the lowest GDP per Capita? Malawi
35%
Which of these nations have the largest active military? Egypt
30%
Which of these nations have the most alchohol consumption per capita? Moldova
30%
Which of these nations produces the most cocoa? The Ivory Coast
25%
Which of these nations have the smallest percentage of Jetpunk users? Italy
15%
Which of these nations have the lowest amount of murders? (Per 100,000 people) Japan
15%
Which of these nations have the most inmates per 100,000? (As of August 2021) Palau
10%
No matching quizzes found
Score Distribution
Percent of People with Each Score
Percentile by Number Answered
Your Score History
You have not taken this quiz